| 000 | 03426cas a2200805 a 4500 | ||
|---|---|---|---|
| 001 | 11733884 | ||
| 003 | OSt | ||
| 005 | 20230621082620.0 | ||
| 008 | 931106d19592012dcutr r 0 a0eng c | ||
| 010 | _a 59013987 | ||
| 016 | 7 |
_a03310110R _2DNLM |
|
| 016 | 7 |
_aC44180000 _2DNLM |
|
| 016 | _a(AMICUS)000000789819 | ||
| 020 | _a0872891089 | ||
| 035 | _a(OCoLC)ocm01239097 | ||
| 037 | _bCongressional Staff Directory, CQ Press, 2300 N Street, N.W., Suite 800, Washington, D.C. 20037-1122 | ||
| 040 |
_aUDI _beng _cUDI _dCOO _dUCU _dDLC _dOCL _dNSD _dDLC _dNST _dRCS _dNST _dOCL _dNST _dDLC _dIUL _dDLC _dOCL _dNST _dHUL _dNST _dDLC _dNSD _dNST _dOCL _dNST _dOCL _dIUL _dNST _dGUA _dDLC _dIUL _dTJC _dAGL _dDLC _dSYS _dOCL _dGUA _dNLM _dOCLCQ _dHUL _dMYG _dOCL _dOCLCA _dOCLCQ _dYLS _dOCL _dOCLCF _dLRU _dOCLCQ _dNLC _dOCLCQ _dGILDS _dOCLCO _dOCLCA _dOCL _dOCLCO |
||
| 042 |
_apcc _ansdp |
||
| 043 | _an-us--- | ||
| 050 | 0 | 0 | _b.C6 |
| 060 | 0 | 0 |
_aJK 421 _bC749 |
| 070 | 0 |
_aJK102 _b.C65 |
|
| 072 | 0 | _aX000 | |
| 082 | 0 | 4 |
_a328 _bBRO |
| 100 | _cAnn L. Brownson | ||
| 222 | 0 | _aCongressional staff directory | |
| 245 | 0 | 0 |
_aCongressional staff directory. _b1995/1 |
| 260 |
_bStaff directories ltd _c1995 |
||
| 300 | _a1226p | ||
| 580 | _aHas pre-publication supplement: Congressional staff directory. Advance locator for Capitol Hill. | ||
| 580 | _aAlso issued as part of: Staff directories on CD-ROM, <1993-> | ||
| 588 | _aDescription based on: 1960. | ||
| 588 | _aLatest issue consulted: 92nd ed. (2011: fall). | ||
| 590 | _aSERBIB/SERLOC merged record | ||
| 610 | 1 | 0 |
_aUnited States. _bCongress _vDirectories. |
| 610 | 1 | 0 |
_aUnited States. _bCongress _vBiography _vPeriodicals. |
| 610 | 1 | 2 |
_aUnited States _bCongress. |
| 610 | 1 | 7 |
_aUnited States. _bCongress. _2fast _0(OCoLC)fst00529490 |
| 650 | 2 | _aGovernment | |
| 650 | 3 | _ainformation sources. | |
| 655 | 2 | _aDirectory | |
| 655 | 4 | _aBiography. | |
| 655 | 7 |
_aBiographies. _2fast _0(OCoLC)fst01919896 |
|
| 655 | 7 |
_aDirectories. _2fast _0(OCoLC)fst01423796 |
|
| 655 | 7 |
_aPeriodicals. _2fast _0(OCoLC)fst01411641 |
|
| 655 | 7 |
_aDirectories. _2lcgft |
|
| 655 | 7 |
_aPeriodicals. _2lcgft |
|
| 700 | 1 | _aBrownson, Anna L. | |
| 700 | 1 |
_aBrownson, Charles B. _q(Charles Bruce), _d1914-1988. |
|
| 770 | 1 |
_tCongressional staff directory. Advance locator for Capitol Hill _x0069-8938 _w(DLC)sc 82003574 _w(OCoLC)2652345 |
|
| 770 | 0 |
_tCSD federal executive update _x1045-246X _w(DLC) 87656701 _w(OCoLC)15743667 |
|
| 776 | 0 | 8 |
_iOnline version: _tCongressional staff directory _w(OCoLC)560670732 |
| 776 | 0 | 8 |
_iOnline version: _tCongressional staff directory _w(OCoLC)592107740 |
| 776 | 0 | 8 |
_iOnline version: _tCongressional staff directory _w(OCoLC)603661304 |
| 787 | 1 |
_tElection index _x0095-7186 _w(DLC)sn 81004499 _w(OCoLC)5276252 |
|
| 787 | 1 |
_tStaff directories on CD-ROM _x1080-9546 _w(DLC) 95645648 _w(OCoLC)31944525 |
|
| 906 |
_a7 _bcbc _cserials _d3 _encip _f19 _gn-oclcserc |
||
| 942 |
_2ddc _cBK |
||
| 999 |
_c1943 _d1943 |
||